<?xml version="1.0" encoding="UTF-8"?>
<record
    xmlns:xsi="http://www.w3.org/2001/XMLSchema-instance"
    xsi:schemaLocation="http://www.loc.gov/MARC21/slim http://www.loc.gov/standards/marcxml/schema/MARC21slim.xsd"
    xmlns="http://www.loc.gov/MARC21/slim">

  <leader>01216nam a2200217 i 4500</leader>
  <controlfield tag="003">DO-SdBNP</controlfield>
  <controlfield tag="005">20250116073945.0</controlfield>
  <controlfield tag="006">a||||br|||| 00| 0 </controlfield>
  <controlfield tag="007">ta</controlfield>
  <controlfield tag="008">231020e1978    dr aobc| |||| 00| 0 spa d</controlfield>
  <datafield tag="040" ind1=" " ind2=" ">
    <subfield code="a">DO-SdBNP</subfield>
    <subfield code="b">spa</subfield>
    <subfield code="c">BNPHU</subfield>
    <subfield code="e">rda</subfield>
  </datafield>
  <datafield tag="082" ind1=" " ind2="4">
    <subfield code="2">22</subfield>
    <subfield code="b">E82soc</subfield>
  </datafield>
  <datafield tag="245" ind1="0" ind2="0">
    <subfield code="a">Estudios sociales 1. /</subfield>
  </datafield>
  <datafield tag="246" ind1="1" ind2="3">
    <subfield code="a">Estudios sociales primer curso de primaria.</subfield>
  </datafield>
  <datafield tag="264" ind1=" " ind2="1">
    <subfield code="a">Santo Domingo :</subfield>
    <subfield code="b">Susaeta,</subfield>
    <subfield code="c">1978</subfield>
  </datafield>
  <datafield tag="490" ind1=" " ind2=" ">
    <subfield code="a">Escuela Dominicana.</subfield>
  </datafield>
  <datafield tag="505" ind1=" " ind2=" ">
    <subfield code="a">Unidad 1.- Aprendamos a vivir juntos.--</subfield>
    <subfield code="t">Unidad 2.- Vida Familiar.--</subfield>
    <subfield code="t">Unidad 3.- La Escuela.--</subfield>
    <subfield code="t">Unidad 4.- El Hogar en que vivimos.--</subfield>
    <subfield code="g">2da. SUB- UNIDAD: Nuestra Comunidad.</subfield>
    <subfield code="t">Unidad 5.- La Vida en el Camp y la Vida en la Ciudad.--</subfield>
    <subfield code="t">Unidad 6.- Necesidades del Hombre de Nuestra Comunidad.--</subfield>
    <subfield code="t">Unidad 7.- Recursos de la Comunidad.--</subfield>
    <subfield code="t">Unidad 8.- Compramos y Vendemos.--</subfield>
    <subfield code="t">Unidad 9.- El Trabajo en el Comunidad .--</subfield>
    <subfield code="t">Unidad 10.-  V&#xED;as de Comunicaci&#xF3;n y Transportes.--</subfield>
    <subfield code="t">Unidad 11.- Comportamientos en las v&#xED;as P&#xFA;blicas.--</subfield>
    <subfield code="t">Unidad 12.- La Rep&#xFA;blica Dominicana, Nuestra Patria.--</subfield>
  </datafield>
  <datafield tag="590" ind1=" " ind2=" ">
    <subfield code="a">Inventariado 2023 / MF</subfield>
  </datafield>
  <datafield tag="710" ind1="1" ind2=" ">
    <subfield code="a">Rep&#xFA;blica Dominicana.</subfield>
    <subfield code="b">Secretar&#xED;a de Estado de Educaci&#xF3;n, Bellas Artes y Cultos</subfield>
    <subfield code="9">23965</subfield>
  </datafield>
  <datafield tag="942" ind1=" " ind2=" ">
    <subfield code="2">ddc</subfield>
    <subfield code="c">LBS1</subfield>
  </datafield>
  <datafield tag="952" ind1=" " ind2=" ">
    <subfield code="0">0</subfield>
    <subfield code="1">0</subfield>
    <subfield code="2">ddc</subfield>
    <subfield code="5">1</subfield>
    <subfield code="7">0</subfield>
    <subfield code="8">PD</subfield>
    <subfield code="a">BNPHU</subfield>
    <subfield code="b">BNPHU</subfield>
    <subfield code="c">CT</subfield>
    <subfield code="d">2014-12-20</subfield>
    <subfield code="e">Donado por Barbara Suncar</subfield>
    <subfield code="l">0</subfield>
    <subfield code="o">E82soc</subfield>
    <subfield code="p">2023-7118</subfield>
    <subfield code="r">2023-10-20</subfield>
    <subfield code="w">2023-10-20</subfield>
    <subfield code="y">LBS1</subfield>
  </datafield>
  <datafield tag="999" ind1=" " ind2=" ">
    <subfield code="c">55228</subfield>
    <subfield code="d">55228</subfield>
  </datafield>
</record>
